[Event "GER-chT2 (Women) 0405"]
[Site "Germany"]
[Date "2004.12.04"]
[Round "3"]
[White "Fleischmann, Natascha"]
[Black "Neumeyer, Hannelore"]
[Result "1/2-1/2"]
[WhiteElo "1686"]
[BlackElo "2047"]
[PlyCount "86"]
[EventDate "2004.11.06"]
[EventType "team"]
[EventRounds "9"]
[EventCountry "GER"]
[SourceTitle "EXT 2006"]
[Source "ChessBase"]
[SourceDate "2005.11.24"]
[SourceVersion "1"]
[SourceVersionDate "2005.11.24"]
[SourceQuality "1"]

1. d4 d5 2. c4 e5 3. dxe5 d4 4. Nf3 Nc6 5. g3 Bg4 6. Bg2 Qd7 7. Nbd2 0-0-0 8. 0-0 d3 9. exd3 Qxd3 10. Qb3 Bb4 11. Qxd3 Rxd3 12. h3 Be6 13. Re1 Nge7 14. Bf1 Rxf3 15. Nxf3 Bxe1 16. Nxe1 Nxe5 17. b3 f6 18. Be3 Nf5 19. Bf4 Nc6 20. h4 Nfd4 21. Rd1 Rd8 22. Kg2 h6 23. Be3 Rd7 24. Rd2 g5 25. hxg5 hxg5 26. Nf3 Nxf3 27. Kxf3 Ne5+ 28. Ke4 Re7 29. Bg2 Bg4 30. Kd4 Bf3 31. Bf1 b6 32. Bd3 Bg4 33. Kc3 Nf3 34. Rd1 c5 35. Rh1 Kd7 36. Rh7 Rxh7 37. Bxh7 Ke7 38. Be4 Ke6 39. Bxf3 Bxf3 40. Kd3 Ke5 41. a3 Kd6 42. b4 cxb4 43. axb4 Kc6 1/2-1/2